1455 1695 1364 1531 1511 1663 1829 1591 1635 1097 1837 1576 1381 1857 1075 1954 1584 1359 1986 1385 1447 1698 1855 1033 1466 1219 1743 1492 1310 1423 1763 1917 1025 1293 1165 1508 1727 1888 1495 1071 1052 1264 1086 1919 1104 1783 1718 1213 1975 1754 1185 1752 1467 1493 1560 1925 1856 1407 1946 1338 1667 1918 1820 1127 1637 1934 1142 1734 1324 1572 1792 1496 1685 1589 1228 1680 1048 1280 1727 1663 1288 1185 1282 1039 1145 1490 1106 1584 1889 1421 1100 1013 1698 1016 1701 1788 1276 1420 1892 BCNSPRNW ULIB Ver.6.0+V

เปลี่ยนเป็นภาษาไทย

Change to English
 แสดงรายละเอียดบรรณานุกรม
  กลับหน้าหลัก

Brief Record : Get Marc (ISO 2709) : E-mail record : QR code < ปิดหน้าต่าง
LEADER : 00000nam 2200000uu 4500
001    13399113519
003     ULIB
008    110627s2552||||th 000 0 tha d
020    9786160600052
090    นว.^bร267ส 2552
100 0  ระวิวรินทร์
245 00 สุดปลายขุนเขา/^cระวิวรินทร์
250    พิมพ์ครั้งที่ 1
260    กรุงเทพฯ :^bแจ่มใส,^c2552
300    349 หน้า
710 1  แจ่มใส
945    ^p0^l0^i027245
995    ทศพร
999 ^a ใช้งานได้ทุกระบบ
รายการนี้ยังไม่มีแท็ก
คุณยังไม่ได้ล็อกอิน คุณสามารถมีกิจกรรมร่วมกับเว็บไซต์ได้ แต่ต้องล็อกอินก่อน ::
  ล็อกอิน

รายการสื่อสารสนเทศ

ลำดับที่ ประเภท เลขเรียก/บาร์โค้ด สถานที่ สถานะ
1. นวนิยาย
นวนิยาย
นว. ร267ส 2552 ฉ.1 
  Barcode: 027245
ห้องสมุดวิทยาเขตสวรรค์ประชารักษ์
►นวนิยาย
บนชั้น
  ขอยืม

BibComment


ยังไม่เคยถูกคอมเมนท์

คอมเมนท์ทรัพยากรรายการนี้
  คอมเมนท์: สุดปลายขุนเขา ระว..


 Copyright 2026. Bcnsprnw @Library